<?xml version="1.0" encoding="UTF-8"?>
<collection xmlns="http://www.loc.gov/MARC21/slim">
 <record>
  <leader>00943pam a22002538a 4500</leader>
  <controlfield tag="001">00044967</controlfield>
  <controlfield tag="005">20191017111018.0</controlfield>
  <controlfield tag="008">131216s2013                  ||||||viesd</controlfield>
  <datafield tag="020" ind1="#" ind2="#">
   <subfield code="c">139000</subfield>
   <subfield code="a">978 604 65 3491 4</subfield>
  </datafield>
  <datafield tag="041" ind1="0" ind2="#">
   <subfield code="a">vie</subfield>
  </datafield>
  <datafield tag="082" ind1="1" ind2="4">
   <subfield code="a">650.1</subfield>
   <subfield code="b">D104U</subfield>
  </datafield>
  <datafield tag="100" ind1="0" ind2="#">
   <subfield code="a">C. Maxwell, John</subfield>
  </datafield>
  <datafield tag="242" ind1="#" ind2="#">
   <subfield code="a">Put your dream to the test</subfield>
  </datafield>
  <datafield tag="245" ind1="0" ind2="0">
   <subfield code="c">John C. Maxwell; Tùng Linh; Thu Thủy (Dịch)</subfield>
   <subfield code="a">Dám ước mơ, biết thực hiện</subfield>
   <subfield code="b">10 câu hỏi giúp bạn hiểu rõ và biến ước mơ thành hiện thực</subfield>
  </datafield>
  <datafield tag="250" ind1="#" ind2="#">
   <subfield code="a">tái bản</subfield>
  </datafield>
  <datafield tag="260" ind1="#" ind2="#">
   <subfield code="a">Hà Nội</subfield>
   <subfield code="b">Lao động - Cty sách alpha</subfield>
   <subfield code="c">2018</subfield>
  </datafield>
  <datafield tag="300" ind1="#" ind2="#">
   <subfield code="a">372 tr.</subfield>
   <subfield code="c">21 cm</subfield>
  </datafield>
  <datafield tag="653" ind1="#" ind2="#">
   <subfield code="a">Cuộc sống</subfield>
  </datafield>
  <datafield tag="653" ind1="#" ind2="#">
   <subfield code="a">Thành công</subfield>
  </datafield>
  <datafield tag="700" ind1="#" ind2="#">
   <subfield code="e">dịch</subfield>
   <subfield code="a">Tùng Linh</subfield>
  </datafield>
  <datafield tag="700" ind1="1" ind2="#">
   <subfield code="a">Thu Thủy (Dịch)</subfield>
   <subfield code="e">(Dịch)</subfield>
  </datafield>
  <datafield tag="852" ind1="#" ind2="#">
   <subfield code="j">KD.0026574</subfield>
  </datafield>
  <datafield tag="910" ind1="#" ind2="#">
   <subfield code="d">17/10/2019</subfield>
  </datafield>
  <datafield tag="980" ind1="#" ind2="#">
   <subfield code="a">Trung tâm Học liệu Lê Vũ Hùng, Trường Đại học Đồng Tháp</subfield>
  </datafield>
 </record>
</collection>
